Obras. (Record no. 184144)
[ view plain ]
| 000 -LEADER | |
|---|---|
| campo de control de longitud fija | 00921nam a2200265 i 4500 |
| 001 - NÚMERO DE CONTROL | |
| campo de control | 184144 |
| 003 - IDENTIFICADOR DE NÚMERO DE CONTROL | |
| campo de control | ES-MaACL |
| 005 - FECHA Y HORA DE LA ÚLTIMA TRANSACCIÓN | |
| campo de control | 20240118063007.0 |
| 008 - DATOS DE LONGITUD FIJA--INFORMACIÓN GENERAL | |
| campo de control de longitud fija | 150325s1970 sp |||| |dspa d |
| 080 ## - NÚMERO DE LA CLASIFICACIÓN DECIMAL UNIVERSAL | |
| Número de la Clasificación Decimal Universal | 821.134.2-6"17" |
| 100 1# - ENTRADA PRINCIPAL--NOMBRE DE PERSONA | |
| Nombre de persona | Jovellanos, Gaspar Melchor de, |
| Fechas asociadas al nombre | 1744-1811 |
| 9 (RLIN) | 222580 |
| 245 10 - MENCIÓN DEL TÍTULO | |
| Título | Obras. |
| Número de parte o sección de la obra | 1 / |
| Mención de responsabilidad, etc. | Gaspar Melchor de Jovellanos ; edición, prólogo y notas de José Caso González. |
| 246 3# - FORMA VARIANTE DEL TITULO | |
| Título propio/Titulo breve | Epistolario |
| 260 ## - PUBLICACIÓN, DISTRIBUCIÓN, ETC. | |
| Lugar de publicación, distribución, etc. | Barcelona : |
| Nombre del editor, distribuidor, etc. | Labor, |
| Fecha de publicación, distribución, etc. | 1970. |
| 300 ## - DESCRIPCIÓN FÍSICA | |
| Extensión | 1 v. ; |
| Dimensiones | 18 cm. |
| 490 1# - MENCIÓN DE SERIE | |
| Mención de serie | Textos hispánicos modernos ; |
| Designación de volumen o secuencia | 8 |
| 504 ## - NOTA DE BIBLIOGRAFÍA, ETC. | |
| Nota de bibliografía, etc. | Bibliografía: p. 43-44. |
| 505 8# - NOTA DE CONTENIDO CON FORMATO | |
| Nota de contenido con formato | Contiene: 1 ; |
| Título | Epistolario,( |
| Información miscelánea | 242 p.) |
| 597 ## - NOTA DE DESCRIPCIÓN FÍSICA | |
| NOTA DE DESCRIPCIÓN FÍSICA | En contracub.: retr. del autor. |
| 598 ## - NOTA LOCAL | |
| Nota local | Colección dir. por Francisco Rico. |
| 700 1# - ENTRADA AGREGADA--NOMBRE PERSONAL | |
| Nombre de persona | Caso González, José. |
| 9 (RLIN) | 36328 |
| 830 0# - PUNTO DE ACCESO ADICIONAL DE SERIE-TÍTULO UNIFORME | |
| Título uniforme | Textos hispánicos modernos ; |
| Designación de volumen o secuencia | 8 |
| 9 (RLIN) | 181506 |
| 852 ## - LOCALIZACIÓN | |
| Ubicación | ES-MaACL |
| Número de control de estantería | E-15516 |
| Estatus retirado | Estado de pérdida | Estado de daño | No para préstamo | Biblioteca de origen | Biblioteca actual | Ubicación en estantería | Fecha de adquisición | Fuente de adquisición | Total de préstamos | Signatura topográfica completa | Código de barras | Visto por última vez | Precio de reemplazo | Tipo de ítem Koha |
|---|---|---|---|---|---|---|---|---|---|---|---|---|---|---|
| Biblioteca del Ateneo de Madrid | Biblioteca del Ateneo de Madrid | Depósito 2 | 25/03/2015 | E-15516 | 1193661 | 23/02/2023 | 23/02/2023 | Libro impreso |
